Radio operator's license Q & A manual / (Record no. 617343)

000 -LEADER
fixed length control field 00398nam a22001457a 4500
020 ## - INTERNATIONAL STANDARD BOOK NUMBER
Qualifying information HB.
040 ## - CATALOGING SOURCE
Transcribing agency FIZZA ISHAQ
082 ## - DEWEY DECIMAL CLASSIFICATION NUMBER
Classification number 621.384
Author Mark KAU
100 ## - MAIN ENTRY--PERSONAL NAME
Personal name Kaufman, Milton.
9 (RLIN) 41683
245 ## - TITLE STATEMENT
Title Radio operator's license Q & A manual /
Statement of responsibility, etc. Milton Kaufman.
250 ## - EDITION STATEMENT
Edition statement 5th edition.
260 ## - PUBLICATION, DISTRIBUTION, ETC.
Place of publication, distribution, etc. New York:
Name of publisher, distributor, etc. J. F. Rider Publisher, Inc.
Date of publication, distribution, etc. 1955.
300 ## - PHYSICAL DESCRIPTION
Extent 735 P. ;
Dimensions 21.5 cm
942 ## - ADDED ENTRY ELEMENTS (KOHA)
Source of classification or shelving scheme
Koha item type Book
Holdings
Withdrawn status Lost status Source of classification or shelving scheme Damaged status Not for loan Permanent Location Current Location Shelving location Date acquired Total Checkouts Full call number Barcode Date last seen Price effective from Koha item type
          NUST Baluchistan Campus (NBC) NUST Baluchistan Campus (NBC) General Stacks 05/07/2026   621.384 KAU QD-753 05/07/2026 05/07/2026 Book
© 2023 Central Library, National University of Sciences and Technology. All Rights Reserved.